Lectures from Colombo to Almora/ (Record no. 171934)
[ view plain ]
| 000 -LEADER | |
|---|---|
| fixed length control field | 00653nam a2200193 4500 |
| 005 - DATE AND TIME OF LATEST TRANSACTION | |
| control field | 20200123131343.0 |
| 010 ## - LCCN (DPL NO) | |
| LC control number | ENG-127532 |
| 020 ## - INTERNATIONAL STANDARD BOOK NUMBER | |
| Terms of availability | 140.00 |
| International Standard Book Number | 978817505081 |
| 035 ## - SYSTEM CONTROL NUMBER | |
| System control number | EN-111064 |
| 037 ## - SOURCE OF ACQUISITION | |
| Source of stock number/acquisition | DBAD/PUB |
| 082 ## - DEWEY DECIMAL CLASSIFICATION NUMBER | |
| Classification number | 181.4 |
| 100 ## - MAIN ENTRY--PERSONAL NAME | |
| Personal name | Swami Vivekananda |
| 245 ## - TITLE STATEMENT | |
| Title | Lectures from Colombo to Almora/ |
| Statement of responsibility, etc | by Swami Vivekananda |
| 260 ## - PUBLICATION, DISTRIBUTION, ETC. (IMPRINT) | |
| Place of publication, distribution, etc | kolkata |
| Name of publisher, distributor, etc | Advaita Ashrama |
| Date of publication, distribution, etc | 2018 |
| 270 ## - ADDRESS | |
| Address | Swami Muktidananda Adhyaksha Advaita Ashrama Mayavat, Champawat, Uttarakhand Himalayas |
| City | kolkata |
| Postal code | 110092 |
| Electronic mail address | leninmediapublishers@gmail.com |
| 300 ## - PHYSICAL DESCRIPTION | |
| Extent | vi;437p. |
| Dimensions | 19cm(hb) |
| 500 ## - GENERAL NOTE | |
| General note | includes index |
| 942 ## - ADDED ENTRY ELEMENTS (KOHA) | |
| Source of classification or shelving scheme | Dewey Decimal Classification |
| Item type | English Books |
| Classification part | 181.4 |
| Call number suffix | SWA |
| Withdrawn status | Lost status | Not for loan | Collection code | Home library | Current library | Date acquired | Source of acquisition | Cost, normal purchase price | Full call number | Barcode | Copy number | Cost, replacement price | Koha item type |
|---|---|---|---|---|---|---|---|---|---|---|---|---|---|
| Non-fiction | Patel Nagar | Patel Nagar | 23/01/2020 | DBAD/PUB | 140.00 | 181.4 SWA | EN-111064 | 1 | 140.00 | English Books |
